000 00466nam a2200157Ia 4500
008 100122s9999 xx 000 0 und d
082 _b33503
_a823
100 _aसप्रे मधुवंती
245 _aसुवर्ण पिंपळ
250 _a1
260 _bप्रिया प्रकाशन
_c1905
300 _a128
630 _aसुवर्ण पिंपळ
730 _aसुवर्ण पिंपळ
942 _cBOOK
999 _c417558
_d417555